[Event "White Rook U14 Final 2019"]
[Site "Sochi"]
[Date "2019.06.06"]
[Round "1.1"]
[White "Tugstumur, Yesuntumur"]
[Black "Dwyer, Daniel"]
[Result "1-0"]
[WhiteElo "2356"]
[BlackElo "2133"]
[Annotator "TA"]
[PlyCount "65"]
[EventDate "2019.06.02"]
[EventCountry "RUS"]
[SourceTitle "playchess.com"]
[Source "ChessBase"]
[SourceQuality "1"]

{[%evp 16,73,52,56,56,45,57,25,70,76,60,58,62,55,69,55,92,48,41,46,45,37,50,36,55,33,49,53,47,20,27,32,30,32,59,23,16,-22,0,0,117,72,394,250,278,282,267,261,654,644,762,766,746,735,785,784,789,786,1233,1219]} 1. d4 Nf6 2. c4 d6 3. Nf3 Nbd7 4. Nc3 e5 5. e4 Be7 6. Be2 O-O 7. O-O c6 8. h3 a6 9. Qc2 b5 {A55: Old Indian Defence with Nf3 and e4} 10. Rd1 {[%cal Rc4b5]} Qc7 11. Be3 {[%cal Rc4b5]} Bb7 {White has an edge.} 12. a3 Rac8 13. Rac1 Rfd8 (13... Qb8 14. b4 Rfe8 15. Qb3 Bf8 16. d5 cxd5 17. cxd5 Rc7 18. Nd2 Rec8 {1-0 (43) Friedel,J (2510)-Tarjan,J (2406) chess.com INT 2017}) 14. Qb1 $146 {[%cal Rc4b5]} ({Predecessor:} 14. cxb5 cxb5 15. Qb1 Qb8 16. d5 Rf8 {1-0 (50) Siktanc,P-Ptacek,M (2085) Czechia 1996}) 14... Qb8 $1 15. b4 Nf8 16. c5 Ng6 17. dxe5 dxe5 18. g3 Rc7 19. Kg2 Rcd7 20. Qa2 h6 21. Rxd7 Rxd7 22. Bd1 Bc8 23. Bb3 Bd8 24. a4 $36 {[%mdl 2048] White is pushing.} Qc7 25. axb5 axb5 26. g4 Re7 27. Rd1 {[%cal Bc1d1,Bd1d6,Bd6b6][%mdl 32]} Be6 (27... Rd7 $11) 28. Qa8 Nd7 $2 {[%mdl 8192]} (28... Bd7 $16) 29. Rd6 {Strongly threatening Nd5!} Nb8 30. Bd5 cxd5 31. exd5 ({Stronger than} 31. Nxb5 Qc8 $11) 31... Bd7 $2 (31... Bxg4 32. hxg4 Qc8) 32. Rb6 $18 {[%mdl 64] [#] Double Attack. White is clearly winning.} e4 33. Nd4 {Played: d5-d6} 1-0

[Event "White Rook U14 Final 2019"]
[Site "Sochi"]
[Date "2019.06.06"]
[Round "1.4"]
[White "Putar, Lara"]
[Black "Unurzul, Davaakhuu"]
[Result "1-0"]
[WhiteElo "1646"]
[BlackElo "1442"]
[Annotator "NA RC"]
[PlyCount "83"]
[EventDate "2019.06.02"]
[EventCountry "RUS"]
[SourceTitle "playchess.com"]
[Source "ChessBase"]
[SourceQuality "1"]
[TimeControl "5400+30"]

1. d4 {[%emt 0:00:00]} Nf6 {[%emt 0:01:02]} 2. c4 {[%emt 0:00:00]} g6 {[%emt 0:00:08]} 3. Nf3 {[%emt 0:00:23]} d5 {[%emt 0:00:25]} 4. g3 {[%emt 0:00:15]} Bg7 {[%emt 0:00:53]} 5. Bg2 {[%emt 0:00:47]} O-O {[%emt 0:00:26]} 6. O-O {[%emt 0:00:52]} Na6 {[%emt 0:00:34]} 7. Nc3 {[%emt 0:03:48]} e6 {[%emt 0:02:05]} 8. Bg5 {[%emt 0:08:15]} c6 {[%emt 0:01:20]} 9. Qd2 {[%emt 0:01:56]} b6 {[%emt 0:05:44]} 10. Rac1 {[%emt 0:05:10]} Bb7 {[%emt 0:01:42]} 11. Ne5 {[%emt 0:07:20]} Qd6 {[%emt 0:03:03]} 12. Bxf6 {[%emt 0:06:00]} Bxf6 {[%emt 0:01:04]} 13. Ng4 {[%emt 0:01:05]} Bg7 {[%emt 0:00:27]} 14. Rfd1 {[%emt 0:02:03]} Rac8 {[%emt 0:06:21]} 15. e4 {[%emt 0:04:28]} Nc7 {[%emt 0:04:31]} 16. e5 {[%emt 0:08:29]} Qe7 {[%emt 0:00:34]} 17. Qf4 {[%emt 0:07:41]} Ne8 {[%emt 0:00:10]} 18. cxd5 {[%emt 0:01:53]} exd5 {[%emt 0:06:25]} 19. Re1 {[%emt 0:05:21]} h5 {[%emt 0:02:23]} 20. Ne3 {[%emt 0:04:47]} f6 {[%emt 0:03:24]} 21. e6 {[%emt 0:01:45]} Nd6 {[%emt 0:19:33]} 22. Rc2 {[%emt 0:08:33]} Qxe6 {[%emt 0:01:35]} 23. Rce2 {[%emt 0:02:42]} Qd7 {[%emt 0:02:44]} 24. h4 {[%emt 0:01:48]} Rce8 {[%emt 0:00:20]} 25. Kh2 {[%emt 0:01:28]} Kh7 {[%emt 0:00:34]} 26. Bh3 {[%emt 0:00:39]} Qd8 {[%emt 0:01:04]} 27. Nc2 {[%emt 0:01:21]} Rxe2 {[%emt 0:00:54]} 28. Rxe2 {[%emt 0:00:01]} g5 {[%emt 0:00:20]} 29. Bf5+ {[%emt 0:01:06]} Kh6 {[%emt 0:00:27]} 30. Qf3 {[%emt 0:00:55]} Nxf5 {[%emt 0:00:48]} 31. Qxf5 {[%emt 0:00:02]} Bc8 {[%emt 0:00:10]} 32. Qd3 {[%emt 0:00:34]} Qd7 {[%emt 0:01:25]} 33. hxg5+ {[%emt 0:01:52]} fxg5 {[%emt 0:00:00]} 34. Ne1 {[%emt 0:02:46]} Qh3+ {[%emt 0:01:50]} 35. Kg1 {[%emt 0:00:00]} b5 {[%emt 0:03:51]} 36. Nd1 {[%emt 0:01:22]} Bf5 {[%emt 0:00:27]} 37. Qe3 {[%emt 0:01:36]} Be4 {[%emt 0:02:45]} 38. f3 {[%emt 0:01:13]} Bxf3 {[%emt 0:01:17]} 39. Nxf3 {[%emt 0:00:41]} Qxg3+ {[%emt 0:00:06]} 40. Rg2 {[%emt 0:00:06]} Qxf3 {[%emt 0:00:09]} 41. Qxg5+ {[%emt 0:00:07]} Kh7 {[%emt 0:00:00]} 42. Qxg7# {[%emt 0:00:00]} 1-0

[Event "White Rook U14 Final 2019"]
[Site "Sochi"]
[Date "2019.06.06"]
[Round "1.5"]
[White "Badyraa, Bolat"]
[Black "Kuzmin, Roman"]
[Result "0-1"]
[WhiteElo "1313"]
[BlackElo "2119"]
[Annotator "TA"]
[PlyCount "42"]
[EventDate "2019.06.02"]
[EventCountry "RUS"]
[SourceTitle "playchess.com"]
[Source "ChessBase"]
[SourceQuality "1"]

{[%evp 10,88,20,0,0,-6,20,12,32,34,40,34,41,29,62,35,68,10,65,62,130,127,164,169,170,158,167,149,156,125,151,100,95,-69,-69,-72,-79,-128,-147,-137,-136,-220,-214,-204,-175,-258,-239,-427,-416,-745,-731,-829,-831,-1048,-998,-1629,-1352,-1478,-970,-1047,-1036,-1412,-1293,-29972,-5866,-29988,-29989,-29989,-29990,-29991,-29992,-29993,-29994,-29994,-29994,-29996,-29997,-29997,-29998,-29998,-29999]} 1. d4 Nf6 2. Nf3 g6 3. Bg5 Ne4 4. Bh4 Bg7 5. e3 d5 6. Bd3 c5 {D03: 1 d4 d5 2 Nf3 Nf6 3 Bg5, including Torre Attack with early ...d5} 7. c3 (7. Nbd2 {keeps more tension.} Bf5 8. Be2 Qb6 9. O-O Nc6 10. c4) 7... cxd4 (7... Nc6 {with more complications.} 8. O-O O-O 9. Nfd2 f5 10. f3 Nxd2 11. Nxd2 f4) 8. exd4 Nf6 $146 {The position is equal.} ({Predecessor:} 8... Nd6 9. Qb3 Qb6 10. Bg3 Bf5 11. Bxf5 Nxf5 12. Qxb6 axb6 13. Na3 Nxg3 14. hxg3 {1-0 (32) Lenderman,A (2560)-Schuetze,N (2269) Caleta 2010}) 9. Nbd2 Nc6 10. O-O O-O 11. Re1 e6 12. Ne5 Qb6 13. Nxc6 ({White should try} 13. Qc1 $14) 13... Qxc6 (13... bxc6 $11 14. b4 a5) 14. Qe2 Bd7 ({Better is} 14... Qd6 $14) 15. Qf3 $16 Ne8 16. Be7 Nd6 17. Bxf8 Rxf8 18. Qe3 b5 19. a3 Qb6 20. b4 (20. Rab1 $142) 20... Rc8 21. Rec1 $2 (21. Bf1 $16) 21... e5 {Played: Rc8xc3} 0-1

[Event "White Rook U14 Final 2019"]
[Site "Sochi"]
[Date "2019.06.06"]
[Round "1.6"]
[White "Pingin, Artem"]
[Black "Khoyur-Ool, Aryyaa"]
[Result "1-0"]
[WhiteElo "2108"]
[BlackElo "1259"]
[Annotator "TA"]
[PlyCount "65"]
[EventDate "2019.06.02"]
[EventCountry "RUS"]
[SourceTitle "playchess.com"]
[Source "ChessBase"]
[SourceQuality "1"]

{[%evp 15,65,4,46,8,17,7,14,-6,0,-10,0,-7,-5,-22,23,27,23,35,35,38,48,39,38,40,68,49,53,46,74,61,60,48,66,0,54,45,71,47,88,75,207,220,474,460,647,634,618,618,29979,29980,2947,2588]} 1. e4 d5 2. exd5 Qxd5 3. Nc3 Qa5 4. d4 c6 5. Nf3 Bf5 6. Ne5 Nf6 7. Bc4 e6 8. O-O Bd6 9. Bf4 {B01: Scandinavian Defence} (9. g4 $5 {[%cal Rg4f5]} Bg6 10. f4 $11) 9... Qc7 10. Bg3 O-O 11. Bb3 {The position is equal.} Nbd7 {[%cal Rd7e5]} 12. Qe2 Rfe8 (12... a6 13. Rad1 Rad8 14. Rfe1 Rfe8 15. Bh4 Be7 16. h3 Nxe5 17. dxe5 {1-0 (71) Bodnaruk,A (2428)-Fierro Baquero,M (2369) Riadh 2017}) 13. Rad1 $146 ({Predecessor:} 13. Rfe1 Rad8 14. Qf3 Bg6 15. Nxg6 Bxg3 16. hxg3 hxg6 17. Rad1 Qa5 18. Ne4 Nxe4 19. Qxe4 Nf6 20. Qe2 Qf5 21. c3 a6 22. Bc2 Qa5 {½-½ (22) Rodriguez Lopez,R (2300)-Insua Mellado,J Nigran 1995}) 13... Nd5 14. Nb1 f6 15. Nxd7 Qxd7 16. c4 {Black must now prevent Bxd6.} Bxg3 17. hxg3 Nc7 18. Nc3 Bg6 19. Rfe1 Bf7 20. Ne4 Rad8 21. g4 h6 22. Qf3 Bg6 23. Bc2 {Nc5 is the strong threat.} Qf7 24. Bb3 ({White should play} 24. Qa3 $14) 24... Bxe4 (24... Qd7 $11) 25. Qxe4 g5 26. Qf3 Re7 27. Qc3 $36 {[%mdl 2048] White is really pushing.} a6 (27... Red7 $16 {was worth a try.}) 28. Qb4 $18 Rb8 $2 {[#]} (28... Kg7 29. Qxb7 h5 30. Qxc6 hxg4) 29. d5 $1 {[%mdl 512]} Rd8 (29... a5 $142 30. Qa3 (30. Qxa5 exd5 31. Rxe7 Qxe7 $16) 30... Na6 31. dxe6 Qf8 32. Qxa5 Rbe8) (29... cxd5 30. cxd5) 30. d6 {[%mdl 64] Double Attack} Red7 31. dxc7 Rc8 32. Rxd7 Qxd7 33. c5 {Accuracy: White = 48%, Black = 21%.} 1-0

[Event "White Rook U14 Final 2019"]
[Site "Sochi"]
[Date "2019.06.06"]
[Round "1.7"]
[White "Irgit, Arina"]
[Black "Shirkunov, Alexandr"]
[Result "0-1"]
[WhiteElo "1256"]
[BlackElo "1557"]
[Annotator "NA RC"]
[PlyCount "134"]
[EventDate "2019.06.02"]
[EventCountry "RUS"]
[SourceTitle "playchess.com"]
[Source "ChessBase"]
[SourceQuality "1"]
[TimeControl "5400+30"]

1. d4 {[%emt 0:00:00]} f5 {[%emt 0:00:10]} 2. e4 {[%emt 0:00:26]} fxe4 {[%emt 0:00:39]} 3. Nc3 {[%emt 0:00:14]} Nf6 {[%emt 0:02:38]} 4. Bg5 {[%emt 0:00:30]} c6 {[%emt 0:04:37]} 5. Bxf6 {[%emt 0:01:34]} exf6 {[%emt 0:00:06]} 6. Nxe4 {[%emt 0:01:05]} d5 {[%emt 0:00:07]} 7. Ng3 {[%emt 0:01:17]} Bd6 {[%emt 0:02:31]} 8. Bd3 {[%emt 0:03:45]} g6 {[%emt 0:01:15]} 9. Nf3 {[%emt 0:02:08]} Kf7 {[%emt 0:12:07]} 10. O-O {[%emt 0:02:11]} Nd7 {[%emt 0:05:26]} 11. c4 {[%emt 0:07:17]} dxc4 {[%emt 0:00:09]} 12. Bxc4+ {[%emt 0:00:25]} Kg7 {[%emt 0:00:06]} 13. d5 {[%emt 0:09:35]} Nb6 {[%emt 0:00:04]} 14. Bb3 {[%emt 0:16:42]} cxd5 {[%emt 0:00:44]} 15. Qd4 {[%emt 0:16:08]} Be6 {[%emt 0:05:04]} 16. Rad1 {[%emt 0:05:25]} Re8 {[%emt 0:02:32]} 17. Rfe1 {[%emt 0:00:35]} Rc8 {[%emt 0:02:04]} 18. Qd3 {[%emt 0:02:38]} Qd7 {[%emt 0:11:28]} 19. Nd4 {[%emt 0:02:57]} Bf7 {[%emt 0:00:56]} 20. Nb5 {[%emt 0:03:00]} Bb8 {[%emt 0:03:41]} 21. Nc3 {[%emt 0:00:37]} Rxe1+ {[%emt 0:01:48]} 22. Rxe1 {[%emt 0:00:13]} Be5 {[%emt 0:02:56]} 23. Nge2 {[%emt 0:01:30]} Nc4 {[%emt 0:02:17]} 24. Bxc4 {[%emt 0:03:34]} Rxc4 {[%emt 0:00:13]} 25. g3 {[%emt 0:01:34]} Qh3 {[%emt 0:07:01]} 26. f4 {[%emt 0:04:03]} Bxf4 {[%emt 0:07:15]} 27. Nxf4 {[%emt 0:02:25]} Rxf4 {[%emt 0:00:03]} 28. Qd2 {[%emt 0:00:25]} Rf5 {[%emt 0:02:05]} 29. Qg2 {[%emt 0:00:19]} Qxg2+ {[%emt 0:00:07]} 30. Kxg2 {[%emt 0:00:09]} Re5 {[%emt 0:00:08]} 31. Rd1 {[%emt 0:00:43]} f5 {[%emt 0:00:23]} 32. Kf3 {[%emt 0:00:14]} Re7 {[%emt 0:00:36]} 33. a3 {[%emt 0:04:37]} Rd7 {[%emt 0:00:12]} 34. Nb5 {[%emt 0:00:19]} a6 {[%emt 0:00:59]} 35. Nd4 {[%emt 0:00:05]} Rc7 {[%emt 0:00:45]} 36. Ke3 {[%emt 0:00:52]} b5 {[%emt 0:00:15]} 37. Kd3 {[%emt 0:00:38]} Kf6 {[%emt 0:00:38]} 38. Rf1 {[%emt 0:00:28]} Kg7 {[%emt 0:03:44]} 39. Re1 {[%emt 0:00:20]} Kf6 {[%emt 0:00:53]} 40. Rf1 {[%emt 0:00:48]} Ke5 {[%emt 0:01:36]} 41. Re1+ {[%emt 0:00:29]} Kd6 {[%emt 0:00:08]} 42. Rd1 {[%emt 0:00:31]} Be8 {[%emt 0:00:54]} 43. Re1 {[%emt 0:00:45]} Re7 {[%emt 0:00:09]} 44. Rc1 {[%emt 0:00:07]} Bd7 {[%emt 0:00:19]} 45. Rd1 {[%emt 0:00:18]} Re4 {[%emt 0:00:48]} 46. Rf1 {[%emt 0:00:23]} h5 {[%emt 0:00:32]} 47. Rf4 {[%emt 0:01:58]} g5 {[%emt 0:01:04]} 48. Rf2 {[%emt 0:01:07]} f4 {[%emt 0:04:06]} 49. gxf4 {[%emt 0:00:36]} Rxf4 {[%emt 0:00:09]} 50. Rxf4 {[%emt 0:00:32]} gxf4 {[%emt 0:00:18]} 51. Nf3 {[%emt 0:00:04]} Bf5+ {[%emt 0:00:55]} 52. Kd4 {[%emt 0:00:37]} Be4 {[%emt 0:00:13]} 53. Nd2 {[%emt 0:00:09]} f3 {[%emt 0:00:23]} 54. Ke3 {[%emt 0:00:05]} Ke5 {[%emt 0:00:09]} 55. Nxf3+ {[%emt 0:00:11]} Bxf3 {[%emt 0:00:54]} 56. Kxf3 {[%emt 0:00:06]} d4 {[%emt 0:00:06]} 57. b4 {[%emt 0:00:10]} Kf5 {[%emt 0:00:32]} 58. h4 {[%emt 0:00:14]} Ke5 {[%emt 0:00:31]} 59. Ke2 {[%emt 0:00:05]} Ke4 {[%emt 0:00:10]} 60. Kd2 {[%emt 0:00:05]} d3 {[%emt 0:00:07]} 61. Kd1 {[%emt 0:00:05]} Ke3 {[%emt 0:00:12]} 62. Ke1 {[%emt 0:00:53]} d2+ {[%emt 0:00:17]} 63. Kd1 {[%emt 0:00:17]} Kd3 {[%emt 0:00:08]} 64. a4 {[%emt 0:00:02]} bxa4 {[%emt 0:00:11]} 65. b5 {[%emt 0:00:03]} a3 {[%emt 0:00:08]} 66. bxa6 {[%emt 0:00:02]} a2 {[%emt 0:00:13]} 67. a7 {[%emt 0:00:00]} a1=R# {[%emt 0:00:02]} 0-1

[Event "White Rook U14 Final 2019"]
[Site "Sochi"]
[Date "2019.06.06"]
[Round "1.8"]
[White "Toledo Flores, Marianna"]
[Black "Ondar, Shuru"]
[Result "1-0"]
[WhiteElo "1530"]
[BlackElo "1644"]
[Annotator "NA RC"]
[PlyCount "73"]
[EventDate "2019.06.02"]
[EventCountry "RUS"]
[SourceTitle "playchess.com"]
[Source "ChessBase"]
[SourceQuality "1"]
[TimeControl "5400+30"]

1. Nf3 {[%emt 0:00:00]} d5 {[%emt 0:00:00]} 2. e3 {[%emt 0:00:00]} Nf6 {[%emt 0:00:00]} 3. b3 {[%emt 0:00:00]} Bg4 {[%emt 0:00:00]} 4. Be2 {[%emt 0:00:05]} e6 {[%emt 0:00:00]} 5. Bb2 {[%emt 0:00:00]} Nbd7 {[%emt 0:00:00]} 6. d4 {[%emt 0:00:00]} Bd6 {[%emt 0:00:00]} 7. O-O {[%emt 0:00:35]} O-O {[%emt 0:00:47]} 8. c4 {[%emt 0:00:00]} c6 {[%emt 0:00:00]} 9. Nbd2 {[%emt 0:00:13]} Ne4 {[%emt 0:00:57]} 10. Nxe4 {[%emt 0:04:45]} dxe4 {[%emt 0:00:13]} 11. Nd2 {[%emt 0:00:15]} Bxe2 {[%emt 0:00:10]} 12. Qxe2 {[%emt 0:00:08]} f5 {[%emt 0:00:34]} 13. Rfd1 {[%emt 0:01:25]} b6 {[%emt 0:00:41]} 14. a3 {[%emt 0:01:08]} Qe7 {[%emt 0:01:49]} 15. Nb1 {[%emt 0:02:59]} c5 {[%emt 0:01:16]} 16. Nc3 {[%emt 0:02:30]} Rad8 {[%emt 0:09:52]} 17. Nb5 {[%emt 0:05:53]} Bb8 {[%emt 0:01:20]} 18. a4 {[%emt 0:03:07]} a6 {[%emt 0:08:11]} 19. Nc3 {[%emt 0:00:00]} Bc7 {[%emt 0:06:49]} 20. d5 {[%emt 0:06:26]} e5 {[%emt 0:00:52]} 21. a5 {[%emt 0:07:14]} Rb8 {[%emt 0:02:44]} 22. d6 {[%emt 0:01:30]} Bxd6 {[%emt 0:03:24]} 23. Qd2 {[%emt 0:00:07]} bxa5 {[%emt 0:13:40]} 24. Qxd6 {[%emt 0:00:52]} Rf7 {[%emt 0:00:35]} 25. Ra3 {[%emt 0:03:54]} Qg5 {[%emt 0:03:15]} 26. Qc7 {[%emt 0:01:43]} Qe7 {[%emt 0:06:20]} 27. Rxd7 {[%emt 0:00:22]} Qxd7 {[%emt 0:04:36]} 28. Qxb8+ {[%emt 0:00:49]} Rf8 {[%emt 0:00:02]} 29. Qxe5 {[%emt 0:00:14]} Rf7 {[%emt 0:01:34]} 30. Nd5 {[%emt 0:01:02]} h6 {[%emt 0:01:30]} 31. Rxa5 {[%emt 0:02:13]} f4 {[%emt 0:02:04]} 32. Qxe4 {[%emt 0:03:11]} Qg4 {[%emt 0:00:36]} 33. f3 {[%emt 0:00:52]} Qh4 {[%emt 0:00:35]} 34. exf4 {[%emt 0:00:14]} Rf8 {[%emt 0:04:08]} 35. Rxa6 {[%emt 0:01:44]} Qd8 {[%emt 0:01:57]} 36. Ra7 {[%emt 0:00:04]} Rf7 {[%emt 0:07:21]} 37. Qe6 {[%emt 0:00:47]} 1-0

[Event "White Rook U14 Final 2019"]
[Site "Sochi"]
[Date "2019.06.06"]
[Round "1.9"]
[White "Erastov, Semen"]
[Black "Masterskih, Bogdan"]
[Result "1-0"]
[WhiteElo "2028"]
[BlackElo "1498"]
[Annotator "NA RC"]
[PlyCount "59"]
[EventDate "2019.06.02"]
[EventCountry "RUS"]
[SourceTitle "playchess.com"]
[Source "ChessBase"]
[SourceQuality "1"]
[TimeControl "5400+30"]

1. d4 {[%emt 0:00:00]} d5 {[%emt 0:00:00]} 2. c4 {[%emt 0:00:00]} e6 {[%emt 0:00:00]} 3. Nf3 {[%emt 0:04:06]} Nf6 {[%emt 0:00:00]} 4. g3 {[%emt 0:02:25]} c6 {[%emt 0:00:00]} 5. Nbd2 {[%emt 0:00:08]} Bd6 {[%emt 0:00:00]} 6. Bg2 {[%emt 0:00:00]} Ne4 {[%emt 0:00:00]} 7. O-O {[%emt 0:00:00]} f5 {[%emt 0:00:00]} 8. Qc2 {[%emt 0:00:00]} O-O {[%emt 0:00:00]} 9. b3 {[%emt 0:00:00]} Nd7 {[%emt 0:00:00]} 10. Bb2 {[%emt 0:00:00]} Qf6 {[%emt 0:00:00]} 11. Ne1 {[%emt 0:00:00]} Qh6 {[%emt 0:00:00]} 12. Rd1 {[%emt 0:00:00]} Ndf6 {[%emt 0:00:00]} 13. Nxe4 {[%emt 0:00:00]} fxe4 {[%emt 0:00:00]} 14. Bc1 {[%emt 0:00:00]} Qh5 {[%emt 0:00:00]} 15. f3 {[%emt 0:00:00]} exf3 {[%emt 0:00:00]} 16. exf3 {[%emt 0:00:00]} e5 {[%emt 0:00:00]} 17. dxe5 {[%emt 0:00:00]} Bxe5 {[%emt 0:00:00]} 18. cxd5 {[%emt 0:00:00]} Nxd5 {[%emt 0:00:00]} 19. f4 {[%emt 0:00:00]} Bf5 {[%emt 0:00:00]} 20. Bxd5+ {[%emt 0:00:00]} cxd5 {[%emt 0:00:00]} 21. Qd2 {[%emt 0:00:00]} Bc7 {[%emt 0:00:00]} 22. Qxd5+ {[%emt 0:00:00]} Kh8 {[%emt 0:00:00]} 23. Nf3 {[%emt 0:00:00]} Bb6+ {[%emt 0:00:00]} 24. Kh1 {[%emt 0:00:00]} Rad8 {[%emt 0:00:00]} 25. Qxb7 {[%emt 0:00:00]} Bh3 {[%emt 0:00:00]} 26. Bb2 {[%emt 0:00:00]} Qg4 {[%emt 0:00:00]} 27. Rxd8 {[%emt 0:00:00]} Rxd8 {[%emt 0:00:00]} 28. Ne5 {[%emt 0:00:00]} Qf5 {[%emt 0:00:00]} 29. Nf7+ {[%emt 0:00:00]} Kg8 {[%emt 0:00:00]} 30. Nh6+ {[%emt 0:00:00]} 1-0

[Event "White Rook U14 Final 2019"]
[Site "Sochi"]
[Date "2019.06.06"]
[Round "1.11"]
[White "Ermolaev, Ivan"]
[Black "Komaev, Tamerlan"]
[Result "1-0"]
[WhiteElo "1776"]
[BlackElo "1265"]
[Annotator "NA RC"]
[PlyCount "72"]
[EventDate "2019.06.02"]
[EventCountry "RUS"]
[SourceTitle "playchess.com"]
[Source "ChessBase"]
[SourceQuality "1"]
[TimeControl "5400+30"]

1. e4 {[%emt 0:00:00]} c5 {[%emt 0:00:00]} 2. c3 {[%emt 0:00:00]} Nf6 {[%emt 0:00:00]} 3. e5 {[%emt 0:00:00]} Nd5 {[%emt 0:00:00]} 4. d4 {[%emt 0:00:00]} cxd4 {[%emt 0:00:00]} 5. Nf3 {[%emt 0:00:00]} Nc6 {[%emt 0:00:32]} 6. cxd4 {[%emt 0:02:38]} g6 {[%emt 0:04:28]} 7. Bc4 {[%emt 0:00:56]} Nb6 {[%emt 0:00:32]} 8. Bb3 {[%emt 0:00:00]} d5 {[%emt 0:01:56]} 9. exd6 {[%emt 0:00:05]} Qxd6 {[%emt 0:01:30]} 10. Nc3 {[%emt 0:00:12]} Bg7 {[%emt 0:04:26]} 11. Be3 {[%emt 0:00:16]} O-O {[%emt 0:01:55]} 12. O-O {[%emt 0:12:53]} Rd8 {[%emt 0:10:55]} 13. Ne4 {[%emt 0:01:22]} Qd7 {[%emt 0:07:17]} 14. Nfg5 {[%emt 0:05:23]} e6 {[%emt 0:01:11]} 15. Nc5 {[%emt 0:01:05]} Qe7 {[%emt 0:16:33]} 16. Nf3 {[%emt 0:04:07]} h6 {[%emt 0:05:15]} 17. Rc1 {[%emt 0:00:02]} Kh7 {[%emt 0:05:02]} 18. Qd2 {[%emt 0:02:43]} Qd6 {[%emt 0:09:34]} 19. Rfd1 {[%emt 0:03:16]} Nd5 {[%emt 0:11:09]} 20. a3 {[%emt 0:01:56]} Nb6 {[%emt 0:05:31]} 21. Ba2 {[%emt 0:01:00]} Nd5 {[%emt 0:00:35]} 22. h4 {[%emt 0:02:27]} Nxe3 {[%emt 0:02:18]} 23. fxe3 {[%emt 0:00:54]} Kg8 {[%emt 0:00:43]} 24. b4 {[%emt 0:00:00]} a5 {[%emt 0:04:11]} 25. b5 {[%emt 0:00:24]} Ne7 {[%emt 0:00:56]} 26. a4 {[%emt 0:01:44]} b6 {[%emt 0:00:45]} 27. Nd3 {[%emt 0:01:44]} Bb7 {[%emt 0:00:00]} 28. Nfe5 {[%emt 0:00:05]} Bd5 {[%emt 0:03:12]} 29. Bxd5 {[%emt 0:01:33]} Nxd5 {[%emt 0:01:34]} 30. Qf2 {[%emt 0:00:35]} Rf8 {[%emt 0:00:57]} 31. Rc6 {[%emt 0:00:07]} Qd8 {[%emt 0:01:10]} 32. Rdc1 {[%emt 0:02:10]} Bf6 {[%emt 0:01:18]} 33. g3 {[%emt 0:00:15]} Bg7 {[%emt 0:00:10]} 34. e4 {[%emt 0:01:45]} Nf6 {[%emt 0:00:29]} 35. Re1 {[%emt 0:04:57]} Rc8 {[%emt 0:00:09]} 36. Kg2 {[%emt 0:02:05]} Rxc6 {[%emt 0:01:16]} 1-0